000 00823nmm a2200301 a 4500
003 AR-BaBNM
005 20251128203549.0
008 097019s1983 ||||||||||||||000 | spa||
020 _a950-515-302-3
040 _cAR-BaBNM
100 1 _aCiria, Alberto
245 1 0 _aPolĂ­tica y cultura
_bla argentina peronista 1946-1955
260 _aBuenos Aires
_bDe la Flor
_c1983
300 0 _a360 p.
_bil.
504 _aBibliografĂ­a para consultar p. 331-357.
650 4 _aSOCIOLOGIA POLITICA
650 4 _aPARTIDOS POLITICOS ARGENTINOS
650 4 _aHISTORIA POLITICA ARGENTINA
650 4 _aHISTORIA CULTURAL
650 4 _aHISTORIA SOCIAL
650 4 _aCULTURA DE MASAS
650 4 _aTOTALITARISMO
650 4 _aNACIONALISMO
651 4 _aArgentina
653 0 _aPERONISMO
942 _cBK
998 _cmariana
999 _c3950
_d3950